Movies Quiz

Random Movies or Star Wars Quiz

Vader or Voldemort? Quiz Stats

Quiz Updated May 19, 2015

Challenge
Share
Tweet
Embed
Score 0/20 Timer 04:00
1 Play Today
Quote DV or LV % Correct
Only I can live forever.???
91.1%
I'd introduce you, but rumor has it you're almost as famous as me these days. ???
89.7%
Join me in the forest tonight and confront your fate. ???
89.2%
You've been taught how to duel, I presume? First we bow to each other .???
88.8%
If he could be turned, he will become a powerful ally.???
87.1%
You have learned much, young one.???
86.8%
I can make things move without touching them. I can make animals do what I want without training them. I can make bad things happen to people who are mean to me.???
86.5%
I find your lack of faith disturbing.???
83.4%
There is no escape. Don't make me destroy you.???
83.1%
By which time I shall be gone, and you... shall be dead! ???
80.6%
Quote DV or LV % Correct
So, you have accepted the truth????
78.8%
They never learn. Such a pity.???
76.4%
No. Leave them to me. I will deal with them myself.???
74.1%
Perhaps I can find new ways to motivate them. ???
71.3%
Your powers are weak, old man.???
71.3%
Ha! Spoken like a true politician. You will, I think, prove most useful, Pius.???
70.2%
Where will he be taken, the boy????
69.5%
Escape is not his plan. I must face him, alone.???
66%
I do not need your help. ???
57.9%
Sometimes we must do what is requested of us.???
51.1%

You're not logged in!

Compare scores with friends on all Sporcle quizzes.
Sign Up with Email
OR
Log In

You Might Also Like...

Show Comments

Extras

Top Quizzes Today


Score Distribution

Your Account Isn't Verified!

In order to create a playlist on Sporcle, you need to verify the email address you used during registration. Go to your Sporcle Settings to finish the process.